Estatísticas para Seis países mais próximos - San Marino

Clique aqui para jogar o quiz

Estatísticas Gerais

  • Esse quiz foi jogado 31 vezes
  • A pontuação média é 4 de 6

Estatísticas das Respostas

kmpaís% Correto
0Itália
100%
221Vaticano
85%
186Eslovénia
56%
259França
48%
141Croácia
44%
271Bósnia e
Herzegovina
26%

Distribuição das Pontuações

Percentil de Números Respondidos

Porcentagem de Pessoas com Cada Pontuação

Sua Pontuação Histórica

Você não jogou esse quiz